Novi Sad - Choix multiples - Statistiques

Statistiques générales
  • Ce quiz a été pris 16 fois
  • Le résultat moyen est 5 sur 10
Statistiques - réponses
Question Réponse % Correct
De quelle province Novi Sad est-elle la capitale ? La Voïvodine
88%
Quel grand cours d'eau européen traverse la ville ? Le Danube
81%
Quelle groupe ethnique représente près de 10% de la population de la ville ? Les Hongrois
81%
Quel nom porte la forteresse surplombant la ville ? Petrovaradin
81%
En 2000, qui fut à l'initiative du premier festival de musique EXIT, qui a depuis lieu chaque année dans cette forteresse ? Des étudiants
75%
Que le nom de la ville signifie-t-il ? Nouveau jardin
50%
Lequel de ces édifices religieux est l'église du Nom-de-Marie de Novi Sad ?
31%
De par l'importance qu'elle revêt pour son pays, quel surnom est parfois attribué à Novi Sad ? L'Athènes serbe
25%
Quel illustre scientifique a vécu avec son épouse serbe à Novi Sad de 1905 et 1907 ? Albert Einstein
13%
Quelle est la particularité du pont Varadinski ? Il fut détruit puis reconstruit l'année suivante.
13%
Aucun quiz correspondant
Distribution des résultats
% des personnes avec chaque résultat
Percentile par nombre de réponses
Votre historique - résultats
Vous n’avez pas pris ce quiz